000 00335nam a2200145Ia 4500
003 OSt
005 20231212075752.0
008 170524s9999 xx 000 0 und d
020 _a978-81-7992-878-3
040 _ciimt
100 _aMichael armst
245 0 _aPerformance Management & Development
260 _aJaico
942 _2ddc
_c02
999 _c3232
_d3232